Tao te king

Na minha lista:
Detalhes bibliográficos
Autor principal: Lao-Tse (Author)
Formato: Livro
Idioma:espanhol
Publicado em: Madrid Debate 1999
Colecção:Colección Siete Libros Para Acercarse a Oriente, 4
Assuntos:
Tags: Adicionar Tag
Sem tags, seja o primeiro a adicionar uma tag!

MARC

LEADER 00000nam a2200000 a 4500
001 UCP5167
003 CL-VaPUC
008 990903e19990000SP |||||||||||||||||spa|d
082 0 4 |a 299.514  |b LAO  |2 21 
100 |a Lao-Tse  |e author  |9 449391 
245 1 0 |a Tao te king 
300 |a 143 p 
942 |c BK 
945 |d 19990903 00:00:00  |a rbrito 
260 |a Madrid  |b Debate  |c 1999 
650 7 |a TAOISMO  |2 CL-VaPUC  |9 323460 
650 0 |a Filosofía oriental  |9 319113 
650 7 |a MEDITACION  |2 CL-VaPUC  |9 313094 
650 7 |a EPIGRAMAS  |2 CL-VaPUC  |9 433332 
583 |a last modification  |c 19990903 00:00:00  |k Rodrigo Vera 
490 0 |a Colección Siete Libros Para Acercarse a Oriente, 4 
999 |c 282959  |d 282957 
952 |0 0  |1 0  |4 0  |6 299_514000000000000_LAO_1999  |7 0  |8 A  |9 325658  |a BIBGIM  |b BIBGIM  |d 2019-11-20  |i 3554643  |l 1  |o 299.514 LAO 1999  |p 3554643  |r 2025-01-15  |s 2024-08-21  |w 2019-11-20  |y BK  |k ORI